Score 0/50 Timer 07:00
1 Play Today
Episodes Sitcom % Correct
236Friends
85.1%
681The Simpsons
79.3%
275Cheers
65.6%
256M*A*S*H
59.3%
279Big Bang Theory
59.2%
346Family Guy
56.6%
264Frasier
49.3%
208How I Met Your Mother
44.9%
210All In The Family
43.4%
212Everybody Loves Raymond
42.4%
201The Cosby Show
41.7%
250Modern Family
40.7%
255Happy Days
37.6%
192Full House
36.4%
201The Office
32.1%
278American Dad!
31.5%
307South Park
29.8%
215Family Matters
29.3%
262Two and a Half Men
28.8%
253The Jeffersons
28.7%
234Leave It To Beaver
27.3%
231Roseanne
24.7%
204Home Improvement
24.7%
253King of the Hill
23.6%
249Andy Griffith Show
23.4%
Episodes Sitcom % Correct
246Will & Grace
23.2%
207The King of Queens
22.7%
259Married ...with Children
22.5%
254Bewitched
18.6%
189Diff'rent Strokes
18.1%
200That '70s Show
15.4%
274Beverly Hillbillies
14.7%
209The Facts of Life
14.4%
215The Middle
12.7%
260Murphy Brown
12.2%
380My Three Sons
11.4%
196Who's the Boss
10.4%
193Night Court
10.1%
249Love Boat
8.6%
203Father Knows Best
8.6%
200Coach
7.7%
202Alice
7.2%
435The Adventures of Ozzie and Harriet
7.1%
233The Drew Carey Show
6.5%
209One Day At A Time
6%
336The Danny Thomas Show
5%
275The Donna Reed Show
4.9%
291The George Burns and Gracie Allen Show
2.8%
212The Life of Riley
1.2%
224The Real McCoys
1.2%
Remove Ads.
Support Sporcle.
Get the best of Sporcle when you Go Orange. This ad-free experience offers more features, more stats, and more fun while also helping to support Sporcle. Thank you for becoming a member.

You're not logged in!

Compare scores with friends on all Sporcle quizzes.
OR
Log In

Show Comments

Extras

Top Quizzes Today


Score Distribution

Your Account Isn't Verified!

In order to create a playlist on Sporcle, you need to verify the email address you used during registration. Go to your Sporcle Settings to finish the process.

Report this User

Report this user for behavior that violates our Community Guidelines.

Details: